| 000 | 00794cam a22002653a 4500 | ||
|---|---|---|---|
| 001 | 1461 | ||
| 003 | PGUSA | ||
| 005 | 20140828083001.0 | ||
| 008 | 060215s2006||||xxu|||||s|||||000 1 eng d | ||
| 040 |
_aPGUSA _beng |
||
| 042 | _adc | ||
| 050 | 4 | _aPR | |
| 100 | 1 |
_aScott, Walter, _d1771-1832 |
|
| 245 | 1 | 2 |
_aA Legend of Montrose _h[electronic resource] / _cWalter Scott |
| 260 |
_bProject Gutenberg, _c2006 |
||
| 500 | _aWaverley novel | ||
| 506 | _aPublic domain in the USA. | ||
| 516 | _aElectronic text | ||
| 653 | _aHistorical fiction | ||
| 653 | _aScotland -- History -- Charles I, 1625-1649 -- Fiction | ||
| 653 | _aMontrose, James Graham, Marquis of, 1612-1650 -- Fiction | ||
| 830 | 0 |
_aProject Gutenberg _v1461 |
|
| 856 | 4 | 0 | _uhttp://www.gutenberg.org/ebooks/1461 |
| 942 | _cEB | ||
| 999 |
_c230809 _d230809 |
||